Responses for Show #7030 - Friday, March 20, 2015

Contestants

[<< previous game]

Alex Navissi, a business development associate originally from Katy, Texas

Lesley Cooksey, a health care subject matter expert from Springfield, Missouri

Gina Shaddox, an accounting service representative from Corvallis, Oregon (whose 1-day cash winnings total $11,000)

[next game >>]

Jeopardy! Round responses

STATE THE SENATOR
ANNUAL EVENTS
SWEET STUFF
"HAT"s ON!
CELEBS ON TWITTER
WE'RE THE GOOD GUYS
(Alex: Not [*] [pronounces "guys" to rhyme with "pies"], but [*] [pronounces "guys" to rhyme with "bees"]. French.)
    $200 17
(Alex Trebek: Yes. That was LBJ.)

Texas

Lesley
    $200 26
fireworks

Gina
    $200 4
cupcakes

Lesley
    $200 11
a Manhattan

Gina
    $200 1
Dwayne Johnson

Alex
    $200 16
cologne

Alex
    $1,200 18
(Lesley: What is Michigan?)

Delaware

Lesley
    $400 27
(Alex Navissi: What is the Battle of Bull Run?)
(Lesley: What is Bunker Hill?)

Little Bighorn (Custer's Last Stand)

LesleyAlex
Triple Stumper
    $400 5
coconut

Gina
    $400 12
a hatchback

Gina
    $400 2
Stephen Colbert

Alex
    $400 20
the plague

Lesley
    $600 19
(Gina: What is Maine?)

Connecticut

Gina
Triple Stumper
    $600 28
Pikes Peak

Lesley
    $600 6
beignets

Alex
    $600 13
a chatroom

Gina
    $600 3
Kevin Durant

Gina
    $600 21
Cirque du Soleil

Alex
    $800 23
Missouri

Lesley
    $800 29
Havana

Lesley
    $800 9
figgy pudding

Gina
    $800 14
shatter-proof

Alex
    $800 7
Flo Rida

Gina
    $800 22
(Alex Navissi: What is Constantinople?)

Jerusalem

Alex
Triple Stumper
    $1000 24
Florida

Triple Stumper
    $1000 30
Bonneville Salt Flats

Gina
    $1000 10
a snickerdoodle

Lesley
    $1000 15
Jehoshaphat

Gina
    $1000 8
Russell Brand

Gina
    $1000 25
the Croix de Guerre

Triple Stumper

Scores at the first commercial break (after clue 15):

Gina Lesley Alex
$5,800 $1,200 $2,000

Scores at the end of the Jeopardy! Round:

Gina Lesley Alex
$6,400 $2,400 $1,600

Double Jeopardy! Round responses

HISTORICAL TIME UNITS
LITERARY CHARACTERS BASED ON REAL PEOPLE
ENDS WITH A VOWEL
'80s TONY AWARDS
GOOD "EVENING"
LADIES & GERMS
    $400 3
the 1890s

Gina
    $400 5
Uncle Tom

Gina
    $400 2
a wrinkle

Triple Stumper
    $400 1
Evita

Gina
    $400 6
an evening gown

Alex
    $400 18
sleeping sickness

Alex
    $800 4
July 4th

Lesley
    $800 11
(Alex Trebek: Thinking of Hannibal, Missouri--Mark Twain and [*].)

Huckleberry Finn

Triple Stumper
    $800 12
a kazoo

Gina
    $800 16
(Lesley: Who is George Alexander?)
...
(Alex Trebek: Yes. He played George.)

Jason Alexander

LesleyAlex
    $800 7
the Evening Star

Lesley
    $800 19
Pennsylvania

Gina
    $1,000 23
(Alex Trebek: With a minute to go now.)

Austria

Gina
    $1,000 13
(Gina: What is a... plaza?)

a galleria

Gina
    $1200 17
(Gina: What is Madame Butterfly?)

M. Butterfly

GinaLesley
    $1200 8
the CBS Evening News

Gina
    $1200 20
(Gina: What is Epstein-Barr?)
(Lesley: What is Guillain-Barré?)
...
(Alex Trebek: Seems like somebody should have identified it earlier, but it was [*].)

HIV

GinaLesley
Triple Stumper
    $1600 24
Progress

Triple Stumper
    $1600 14
cera

Alex
    $1600 26
(Alex Trebek: Honored this year at the Kennedy Center.)

Lily Tomlin

Triple Stumper
    $1600 9
The Saturday Evening Post

Lesley
    $1600 21
gout

Gina
    $2000 25
Indonesia

Triple Stumper
    $2000 28
[The end-of-round signal sounds.]

Humboldt

Triple Stumper
    $2000 15
exhume

Triple Stumper
    $2000 27
(Jessica) Tandy

Alex
    $2000 10
Evening at Pops

Triple Stumper
    $2000 22
(Gina: What is HPV?)

herpes simplex

Gina
Triple Stumper

Scores at the end of the Double Jeopardy! Round:

Gina Lesley Alex
$7,600 $4,800 $6,800

[wagering suggestions for these scores]

Final Jeopardy! Round responses

UNWANTED FIRSTS
(Alex Trebek: [To Alex Navissi] ...and he came close to giving it the correct spelling. We don't penalize for incorrect spelling. You are right. The French Protestants, [*].)
LesleyWho are the Jacobites?
$4,799
AlexWho are the Huegenotes? Huegnout
$6,700
GinaWho are
$2,400
the Huguenots

Final scores:

Gina Lesley Alex
$5,200 $1 $13,500
2nd place: $2,000 3rd place: $1,000 New champion: $13,500

Game dynamics:

Coryat scores:

Gina Lesley Alex
$8,800 $6,000 $6,800
19 R
(including 1 DD),
5 W
(including 1 DD)
11 R,
4 W
(including 1 DD)
11 R,
2 W

Combined Coryat: $21,600

[game clues] [game scores] [suggest correction]

Game tape date: 2015-01-12
The J! Archive is created by fans, for fans. Scraping, republication, monetization, and malicious use prohibited; this site may use cookies and collect identifying information. See terms. The Jeopardy! game show and all elements thereof, including but not limited to copyright and trademark thereto, are the property of Jeopardy Productions, Inc. and are protected under law. This website is not affiliated with, sponsored by, or operated by Jeopardy Productions, Inc. Join the discussion at JBoard.tv.